落合政権(2004~2011)全公式戦先発投手 - Statistics

General Stats
  • This quiz has been taken 22 times
  • The average score is 850 of 1213
Answer Stats
日付 先発投手 備考 % Correct
2004/10/17 | 2004/10/24 | 2004/4/14 | +128 others 山本昌
100%
2004/10/10 | 2004/10/16 | 2004/10/22 | +128 others 川上憲伸
90%
2006/10/7 | 2006/9/18 | 2007/4/21 | +102 others 吉見一起
90%
2007/5/16 | 2007/5/28 | 2007/5/9 | +9 others 浅尾拓也
90%
2004/10/21 | 2004/10/7 | 2004/8/15 | +69 others 山井大介
86%
2011/10/14 大野雄大
76%
2004/5/26 | 2004/6/13 | 2004/6/19 | +118 others 朝倉健太
71%
2004/10/11 | 2004/6/15 | 2004/8/19 | +87 others 小笠原孝
71%
2005/8/4 | 2008/10/12 | 2008/10/19 | +96 others チェン
71%
2009/9/18 | 2010/7/20 | 2010/7/29 | +39 others ネルソン
71%
2004/10/3 | 2004/4/2 | 2004/4/30 川崎憲次郎
67%
2005/10/4 | 2005/4/15 | 2005/4/24 | +118 others 中田賢一
67%
2005/10/2 | 2005/4/20 | 2008/4/16 | +9 others 川井進
52%
2004/4/10 | 2004/4/17 | 2004/4/27 | +25 others 野口茂樹
48%
2004/10/1 | 2004/10/19 | 2004/10/25 | +29 others ドミンゴ
48%
2004/4/22 | 2004/4/6 | 2004/5/1 | +7 others 平井正史
43%
2009/4/26 | 2009/5/10 | 2009/5/17 | +39 others 川井雄太
43%
2010/3/28 | 2010/4/11 | 2010/4/4 | +7 others 伊藤準規
43%
2005/10/6 | 2005/9/19 | 2005/9/29 | +27 others 佐藤充
38%
2010/4/1 | 2010/4/17 | 2010/4/24 | +4 others バルデス
38%
2005/10/7 中里篤史
33%
2011/10/1 | 2011/7/18 | 2011/7/28 | +8 others ソト
33%
2004/9/26 | 2005/4/13 | 2005/4/28 | +4 others 落合英二
29%
2005/5/29 | 2005/6/10 | 2005/6/16 | +37 others マルティネス
24%
2010/7/19 | 2010/8/1 | 2010/9/10 | +5 others 岩田慎司
24%
2004/4/9 | 2004/5/12 | 2004/5/30 | +3 others バルガス
14%
2004/7/20 | 2004/8/1 | 2004/8/29 | +5 others 長峰昌司
14%
2005/6/26 | 2005/6/7 鈴木義広
14%
2005/10/1 | 2005/9/24 | 2006/4/27 石井裕也
14%
2007/4/25 | 2011/10/20 久本祐一
14%
2008/8/31 | 2008/9/12 | 2008/9/23 | 2008/9/6 清水昭信
14%
2004/8/13 紀藤真琴
10%
2008/9/14 | 2010/4/18 | 2010/4/25 | +13 others 山内壮馬
10%
2004/10/2 | 2004/9/11 平松一宏
5%
2007/4/7 | 2008/7/10 | 2008/7/23 佐藤充亮
5%
No matching quizzes found
Score Distribution
Percent of People with Each Score
Percentile by Number Answered
Your Score History
You have not taken this quiz